Welcome to CU Library Online Public Access Catalogue (OPAC)

Engineering Mechanics (Record no. 8449)

MARC details
000 -LEADER
fixed length control field 00499nam a22001697a 4500
005 - DATE AND TIME OF LATEST TRANSACTION
control field 20251129150733.0
008 - FIXED-LENGTH DATA ELEMENTS--GENERAL INFORMATION
fixed length control field 251129b |||||||| |||| 00| 0 eng d
020 ## - INTERNATIONAL STANDARD BOOK NUMBER
International Standard Book Number 9780534934057
050 ## - LIBRARY OF CONGRESS CALL NUMBER
Classification number TA351
Item number .M34
100 ## - MAIN ENTRY--PERSONAL NAME
Personal name McGill, David J.
245 ## - TITLE STATEMENT
Title Engineering Mechanics
Remainder of title Statics
Statement of responsibility, etc. David J. McGill & Wilton W. King
250 ## - EDITION STATEMENT
Edition statement 3rd ed.
260 ## - PUBLICATION, DISTRIBUTION, ETC.
Place of publication, distribution, etc. Boston
Name of publisher, distributor, etc. PWS Publishing Company
Date of publication, distribution, etc. 1995
300 ## - PHYSICAL DESCRIPTION
Extent xiv. 591p.
Other physical details ill. color
Dimensions 24cm
700 ## - ADDED ENTRY--PERSONAL NAME
Personal name King, Wilton W.
942 ## - ADDED ENTRY ELEMENTS (KOHA)
Source of classification or shelving scheme Library of Congress Classification
Koha item type Books
Edition 3rd ed.
Suppress in OPAC No
999 ## -
-- 8449
-- 8449
Holdings
Withdrawn status Lost status Source of classification or shelving scheme Damaged status Not for loan Collection Home library Current library Shelving location Date acquired Total checkouts Full call number Barcode Date last seen Copy number Price effective from Koha item type
    Library of Congress Classification     Non-fiction Science Library (Miotso) Science Library (Miotso) General stacks 11/29/2025   TA351 .M34 McG SLM00006435 11/29/2025 1 11/29/2025 Books
© 2023-2024 Copyright: Central University Libraries. All Rights Reserved | Created by: Mahone Tech Office